Statistics for All UEFA Champions League Finalists

Click here to take the quiz!

General Stats

  • This quiz has been taken 83 times
  • The average score is 58 of 60

Answer Stats

YearFinalistScore% Correct
2011Barcelona3–1
100%
1994Barcelona
100%
2009Barcelona2–0
100%
2006Barcelona2–1
100%
2015Barcelona3–1
100%
2001 (p)Bayern Munich*1–1
100%
2010Bayern Munich
100%
2012Bayern Munich
100%
2013Bayern Munich2–1
100%
2020Bayern Munich1–0
100%
1999Bayern Munich
100%
2021Chelsea1–0
100%
2008Chelsea
100%
2012 (p)Chelsea*1–1
100%
2007Liverpool
100%
2005 (p)Liverpool*3–3
100%
2022Liverpool
100%
2018Liverpool
100%
2019Liverpool2–0
100%
2021Manchester City
100%
2018Real Madrid3–1
100%
2022Real Madrid1–0
100%
1998Real Madrid1–0
100%
2014 (AET)Real Madrid4–1
100%
2002Real Madrid2–1
100%
2000Real Madrid3–0
100%
2016 (p)Real Madrid*1–1
100%
2017Real Madrid4–1
100%
2006Arsenal
99%
2013Borussia Dortmund
99%
1997Borussia Dortmund3–1
99%
1998Juventus
99%
2015Juventus
99%
2003Juventus
99%
1997Juventus
99%
1996 (p)Juventus*1–1
99%
2017Juventus
99%
2008 (p)Manchester United*1–1
99%
2011Manchester United
99%
1999Manchester United2–1
99%
2009Manchester United
99%
1993Milan
99%
2007Milan2–1
99%
2005Milan
99%
1994Milan4–0
99%
2003 (p)Milan*0–0
99%
1995Milan
99%
2010Inter Milan2–0
98%
2020Paris Saint-Germain
98%
2014Atlético Madrid
95%
2016Atlético Madrid
95%
2019Tottenham Hotspur
94%
1996Ajax
90%
1995Ajax1–0
90%
2004Porto3–0
88%
1993Marseille1–0
80%
2002Bayer Leverkusen
78%
2004Monaco
77%
2000Valencia
77%
2001Valencia
77%

Score Distribution

Percentile by Number Answered

Percent of People with Each Score

Your Score History

You have not taken this quiz